000 00749nab a2200229 u 4500
001 16767
003 HDC
007 cr bn ---aaaaa
008 210221c20070730my dr|noo 0 a may d
040 _aHDC
245 0 _aKelantan anjur karnival halal mulai 1 Ogos
260 _a[No place] :
_b[publisher not identified],
_c2007
336 _atext
_2rdacontent
337 _acomputer
_2rdamedia
338 _aonline resource
_2rdacarrier
650 _aHalal carnival
_915061
650 _aHalal industry
_9144
856 _zRequest full-text at [email protected]
942 _2lcc
942 _cNEWS
942 _kNWSO 005760
999 _c14083
_d14083